Peša, Vladimír. Archeologické poznávání dějin Mimoně. - 2003 [Rezension]

Titel: Peša, Vladimír. Archeologické poznávání dějin Mimoně. - 2003 [Rezension]
Verfasser:
In: Bezděz, Band 13 (2004), Seite 343
alle Artikel anzeigen
Veröffentlicht: 2004
Format: Aufsatz
Sprache: Tschechisch
Kein Bild verfügbar
X
alg: 39525676
001A    $01999:12-11-16 
001B    $01999:09-08-21 $t17:45:17.000 
001D    $01999:12-11-16 
001U    $0utf8 
001X    $00 
002@    $0Aox 
003@    $0395256763 
007A    $0395256763 $aHEB 
007T    $0Herdp32506 
010@    $acze 
011@    $a2004 
021A    $aPeša, Vladimír. Archeologické poznávání dějin Mimoně. -  2003 [Rezension] 
028A    $aPeša $dVladimír 
031A    $d13 $h343 $j2004 
039B    $aIn $8--Abvc--. Bezděz. - Česká Lípa, 1990-. - ISSN 1211-9172 $x200400000130000657 $905908720X 
039T    $8--Aox--Peša, Vladimír. Archeologické poznávání dějin Mimoně, 2003 $9393308960 
045F    $a900.94371 $eDDC23BSB 
045F/01 $a900 
045F/03 $g4371 
045T    $a7,41 

lok: 39525676 78

exp: 39525676 78 1 #EPN
201B/01 $026-11-17 $t04:28:25.000 
201U/01 $0utf8 
203@/01 $0791595080 
208@/01 $a12-11-16 $be 
209A/01 $a/ $f000 $x00 
220C/01 $aHerkunft: Hú Av Čr Praha 
244Z/01 $#Tschechien $#Tschechische Republik $#Tschechische Republik $#Tschechenland $#Tschechei Tschechien $#Česká Republika $#Czech Republic $#ČR $74303381-7 $8--Tg1--Tschechien $x01 $9086659812 
244Z/01 $2Trx $#Böhmen $#Bohemia $#Czechy $8--Trx--Čechy $x02 $9391188941 
244Z/01 $2Trx $#arvustused $#recenzijos $#Reviews $#recenziók $#recenzje $#recenzie $#recenze $8--Trx--Rezensionen $x03 $9391357441 
247C/01 $82080>Marburg/Lahn, Herder-Institut, Forschungsbibliothek, Bibliographieportal $9336309341
LEADER 00000caa a22000002c 4500
001 395256763
003 DE-603
005 20210809174517.0
007 tu
008 161112s2004 xx |||| | u00||u|cze c
035 |a (DE-599)HEB395256763 
040 |a DE-603  |b ger  |c DE-603  |d DE-603 
041 |a cze 
082 0 4 |8 1\u  |a 900.94371  |q DE-101  |2 23/BSB 
084 |a 7,41  |2 ssgn 
085 |8 1\u  |b 900 
085 |8 1\u  |z 2  |s 4371 
100 1 |a Peša, Vladimír 
245 0 0 |a Peša, Vladimír. Archeologické poznávání dějin Mimoně. - 2003 [Rezension] 
264 0 |c 2004 
773 0 8 |i In  |t Bezděz  |d Česká Lípa, 1990-  |x 1211-9172  |g Band 13 (2004), Seite 343  |w (DE-603)05908720X  |w (DE-600)1136222-4 
787 0 8 |i Rezension von  |a Peša, Vladimír  |t Archeologické poznávání dějin Mimoně  |w (DE-603)393308960 
924 0 |9 2080  |a (DE-603)791595080  |b DE-2080  |c HES  |d d  |g /